LDR 00724naa#a2200181#i#450# 001 EN\\bibl\120935 005 20260703035622.5 011 ## _a2227-1171 100 ## _a20260630b2026####ek#y0engy0150####ca 102 ## _aRU 200 1# _aCONSTITUTIONAL TRANSFORMATIONS OF THE USSR POLITICAL SYSTEM DURING PERESTROIKA AND THE COLLAPSE OF THE SOVIET UNION _eJournal article 210 1# _aKazan _cKazan law institute Ministry of Internal Affairs Russian Federation _d2026 215 ## _a7 с. 608 ## _aJournal article _2local 675 ## _aГосударственная власть. Государственные органы. 342.5 _z 700 #1 _aBurmistrova _gYuliana Yur'evna 700 #1 _aMikerin _gAndrey Aleksandrovich 856 4# _avestnikkui.ru _u